000 00832nam a2200253Ia 4500
001 10771
003 GE_BSU
008 181216s||||||||xx |||||||||||||| ||und||
020 _a9992844671
040 _cGE_BSU
080 _a821.353.1-1
100 _aქებურია,ბელა
245 _aაქ ამ ყოფიერ დედამიწაზე.
245 _bლექსები.
245 _cრედ.ხათუნა თავდგირიძე;მხატვ.ვიეტა ქებურია.
260 _aბათუმი.
260 _bაჭარა.
260 _c2001.
300 _a188გვ;20სმ.
300 _eფოტო გარეკანზე.
541 _h6ლ.
653 _aაქ ამ ყოფიერ დედამიწაზე.
942 _cBK
999 _c44021
_d44021